Unconditional Quality

Gespeichert in:
Bibliographische Detailangaben
Format: Buch
Sprache:Englisch
Veröffentlicht: Boston Harvard Business Review 1991
Ausgabe:1. ed.
Schriftenreihe:Harvard Business Review Paperback Books
Schlagworte:
Tags: Tag hinzufügen
Keine Tags, Fügen Sie das erste Tag hinzu!

MARC

LEADER 00000nam a2200000 4500
001 c014348
005 20221206115007.9
020 |a 0-87584-274-7 
041 0 |a eng 
044 |a US 
245 1 0 |a Unconditional Quality 
250 |a 1. ed. 
264 1 |a Boston  |b Harvard Business Review  |c 1991 
300 |a 115 s. 
490 1 |a Harvard Business Review Paperback Books 
830 0 |a Harvard Business Review Paperback Books 
610 2 0 |a kvalita 
610 2 0 |a kvalita výrobkov